000 03295nam a22003017a 4500
005 20200326173656.0
008 140711s1921 ag ||||fr|||| 001 0 spa d
040 _cSandra Yazo
_dSandra Yazo
041 0 _aspa
082 0 4 _220
_a610.982
092 _aE31N0
100 1 _aCantón, Eliseo,
_d1861-
_962896
245 1 3 _aLa facultad de medicina y sus escuelas
_cpor Eliseo Cantón
260 _aBuenos Aires (Argentina)
_bImprenta y casa editorial Coni
_c1921
300 _a4 volúmenes (432 ; 524 ; 667 ; 787 páginas)
_c24 x 16 cm.
490 0 _aHistoria de la universidad de Buenos Aires y de su influencia en la cultura agentina / dirigida por Juan Agustín García
_v5 ; 6 ; 7 ; 8
500 _aDetalles físicos: Encuadernaición rígida en cartón forrada en papel. Lomo en tela encolada con adornos en dorado. Tapas y lomo con roturas y raspaduras. Guardas en papel impreso. Anteportada. Portada impresa en una sola tinta. Texto en una columna, con notas al pie de página. Varias ilustraciones entre el texto. Papel manchado. Incluye bibliografía.
505 1 _aV.1: (Tomo V) Primera parte la medicina, su ejercicio y enseñanza en el pasado colonial y en la independencia (1580-1821): Los médicos civiles, religiosos y de los indios (1580 a 1679) ; Los médicos religioso y los herbolario de los jesuitas (1700 a -750) ; Servicios médicos y cirujanos de presidio (1717 a 1790) ; Servicios hospitalarios en Buenos Aires y Montevideo (1590 a 1814) ; Las epidemias y la despoblación de América (1517 a 1810)
505 1 _aV.2: (Tomo VI) Segunda parte la medicina y su enseñanza desde la erudición de la universidad hasta 1880: Segunda etapa de los estudios médicos (1821 a 1822) ; Los primeros catedráticos del departamento de medicina (1821 a 1855) ; Evolución progresiva de los estudios de medicina ; Don Francisco Javier Muñoz El ‹cow-pox› argentino (1795 a 1871) ; Doctor Juan José Montes de Oca (1806 a 1876) ; Rosas y la instrucción pública, decadencia de los estudios médicos (1830 a 1852)
505 1 _aV.3: (Tomo VII) Tercera parte la medicina y su enseñanza desde la federalización de la Universidad hasta 1905: Normalización de la universidad de Buenos Aires (1881 a 1884) ; Doctor Manuel Augusto Montes de Oca (1831 a 1882) ; Decanato del doctor Pedro Antonio Pardo (1884 a 1887) ; Decanato del doctor Oleto Aguirre ; Decanato del doctor Mauricio González Catán (1889 a 1893) ; Decanato del doctor Leopoldo Montes de Oca (1893 a 1897)
505 1 _aV.4: (Tomo VIII) Cuarta parte la medicina y su enseñanza desde el año 1906 hasta el centenario de la jura de nuestra independencia 1916: Vicedecanato del doctor Pedro Lagleyze y decanato del doctor Enrique del arca (diciembre de 1905 a agosto de 1906) ; Decanato del Doctor Eliseo Cantón ; Segundo decanato del doctor Eliseo Cantón (1909 a 1912) ; Decanato del doctor Luis Güemes (1912 a 1915) ; Doctor Ignacio Provano y doctor Eduardo Wilde (1844 a 1895 y 1844 a 1913)
506 _aConsulta en sala
610 _aUniversidad de Buenos Aires
_bFacultad de medicina
_xHistoria
_962897
650 7 _aMedicina
_xHistoria
_zArgentina
_962898
690 _aHistoria de la medicina
_926510
700 1 _aGarcía, Juan Agustín.
_962899
942 _cLIBRO
_e1
_2DEWEY
_h610.982
999 _c273871
_d273871